01671nam a2200385 a 4500001001200000003000800012006001900020007001500039008004100054010001700095020003800112020003500150020002700185040002100212035002100233050003200254100002100286245012900307246006100436260005100497300002600548490002900574500002000603505012900623533015200752630002900904650003000933650004500963650005801008655002901066710001701095830003001112856012601142999001701268ebr10419070CaPaEBRm u cr cn|||||||||100122s2010 inua s 001 0 eng d z 2010921244 z9780470484265 (pbk. : alk. paper) z0470484268 (pbk. : alk. paper) z9780470649763 (e-book) aCaPaEBRcCaPaEBR a(OCoLC)68292528414aTK5105.8885.M57bG68 2010eb1 aGousset, Mickey.10aProfessional application lifecycle management with Visual studio 2010h[electronic resource] /cMickey Gousset ... [et al.].30aApplication lifecycle management with Visual studio 2010 aIndianapolis, Ind. :bWiley Pub., Inc.,c2010. axxxix, 655 p. :bill.1 aWrox professional guides aIncludes index.0 apt. 1. Architect -- pt. 2. Developer -- pt. 3. Tester -- pt. 4. Team foundation server -- pt. 5. Project/process management. aElectronic reproduction.bPalo Alto, Calif. :cebrary,d2011.nAvailable via World Wide Web.nAccess may be limited to ebrary affiliated libraries.00aMicrosoft Visual studio. 0aMicrosoft .NET Framework. 0aWeb site developmentxComputer programs. 0aApplication softwarexDevelopmentxComputer programs. 7aElectronic books.2local2 aebrary, Inc. 0aWrox professional guides.40uhttp://site.ebrary.com/lib/rucke/Doc?id=10419070zAn electronic book accessible through the World Wide Web; click to view c82563d82563